Riconosci l'Anno dagli eventi - Quiz n°87 - Statistics

Statistiche generali
  • Questo quiz è stato fatto 5 volte
  • Il punteggio medio è 6 su 8
Statistiche sulle risposte
Indizio Risposta % Corretto
A Trattato di Rovereto fra l'Impero d'Austria e Repubblica di Venezia
100%
D 15 gennaio: per iniziativa del dottore e botanico Hans Sloane (e poi per approvazione parlamentare) apre al pubblico il British Museum a Londra.
80%
C Anno in cui è stato introdotto il calendario gregoriano in Gran Bretagna
80%
E Claude Geoffroy Junine dimostra che il Bismuto è un elemento chimico distinto dallo Stagno e dal Piombo che fin dall'antichità venivano confusi con esso.
80%
F Il botanico svedese Carl von Linné pubblica Species Plantarum, un’esaustiva opera di classificazione della flora europea, gettando le basi della moderna nomenclatura binomiale.
80%
G La Svezia adotta il calendario gregoriano, saltando gli 11 giorni di differenza con il calendario giuliano e lasciando che il 17 febbraio sia seguito direttamente dal 1 marzo.
80%
B Prima assoluta della commedia La locandiera di Carlo Goldoni a cura della compagnia Medebach.
80%
Anno 1753
0%
Nessun quiz corrispondente trovato
Distribuzione punteggi
Percentuale di utenti per punteggio
Percentile per numero di risposta
I tuoi punteggi nel tempo
Non hai fatto questo quiz